| 000 | 00468nam a2200121Ia 4500 | ||
|---|---|---|---|
| 008 | 160712s9999 xx 000 0 und d | ||
| 100 | _aFernandez, Erwin S. | ||
| 245 |
_cErwin S. Fernandez _aDisappearing Palestine: Israel’s Experiments in Human Despair |
||
| 260 |
_c2014 _bKasarinlan Philippine Journal of Third World Studies |
||
| 300 | _avol. 29 no. 1 | ||
| 650 | _xINDEPENDENCE | ||
| 856 | _uhttp://journals.upd.edu.ph/index.php/kasarinlan/issue/view/486/showToc | ||
| 999 |
_c297179 _d297179 |
||